000 00324cam a22001097a 4500
008 180718b2005 xxu||||| |||| 00| 0 eng d
020 _a8178814595
245 _aTotal quality management: applications and cases
_cedited by V.V. Gopal
260 _aHyderabad
_bICFAI Univ. Press
_c2005
300 _a175p.
700 _aGopal, V.V.
999 _c404821
_d404821